LEADER 00844nam a2200217 i 4500 001 000000142933 003 CaOOAMICUS 005 20050915000000.0 008 050915s1953 it u000 u ita u 013 $a118289 040 $aSeMil$bita 100 1 $aSartori, Luigi .$0(OLS)http://semarc/name/3883 245 10$aBlondel e il cristianesimo /$cL. Sartori. 260 $aPadova :$bGregoriana,$c1953. 300 $a151 p. ;$c24 cm. 500 $aContiene : Bibliografia. 650 4$aBlondel, Maurice <1861-1949> - Pensiero religioso.$0(OLS)http://semarc/subject/13809 850 $aSeMil 852 $aSeMil$W1$xVenegono$y1$m2R III 282$j96067$B96067$CSeMilBibl$Z2$F103066 $81 996 $6245$aBlondel e il cristianesimo$9(OLS)http://semarc/title/209098 996 $6260$aPadova :$bGregoriana$9(OLS)http://semarc/publisher/31482 LEADER 01264nam a2200265 4500 001 000000338734 003 CaOOAMICUS 005 20200114121950.0 008 200108s1978 it 000 u ita r 020 $a88-01-15701-0 040 $aSeMil$bita 100 1 $aCoudreau, François.$0(OLS)http://semarc/name/7105 240 13$aLa foi s'enseigne-t-elle?.$0(OLS)http://semarc/title/427541 245 10$aSi può insegnare la fede? :$briflessioni e orientamenti per una pedagogia della fede /$cFrançois Coudreau. 264 1$aLeumann (Torino) :$bElle Di Ci,$c1978. 300 $a166 p. ;$c21 cm 650 4$aFede - Educazione.$0(OLS)http://semarc/subject/36926 650 4$aFede - Pedagogia.$0(OLS)http://semarc/subject/22864 830 0$aProblemi e proposte di catechesi [Elledici] ;$v5.$0(OLS)http://semarc/title/16643 850 $aSeMil 852 $aSeMil$W1$xVenegono$y1$m2D III 412$j218396$B230330$CSeMilBibl$Z2$F230330 $81 996 $6020$a88-01-15701-0$9(OLS)http://semarc/number/289539 996 $6245$aSi può insegnare la fede? :$briflessioni e orientamenti per una pedagogia della fede$9(OLS)http://semarc/title/427544 996 $6264$aLeumann (Torino) :$bElle Di Ci$9(OLS)http://semarc/publisher/29809 LEADER 01032nam a2200241 i 4500 001 000000156486 003 CaOOAMICUS 005 20061206000000.0 008 061206s1964 it u000 u ita u 013 $a133841 040 $aSeMil$bita 245 10$aRembrandt /$c[ Hans Werner Grohn ]. 260 $aMilano :$bFabbri,$ccopyr. 1964. 300 $a[6] p., 17. p. di tav. :$bill. ;$c36 cm. 490 0 $aI maestri del colore : la più grande collana d'arte del mondo ;$v20 500 $aFormulazione di responsabilità ricavata dal testo. 600 04$aRembrandt <1606-1669>.$0(OLS)http://semarc/subject/8834 700 1 $aGrohn, Hans Werner.$0(OLS)http://semarc/name/60963 830 2$aI maestri del colore : la più grande collana d'arte del mondo ;$v20.$0(OLS)http://semarc/title/2091 850 $aSeMil 852 $aSeMil$W1$xVenegono$y1$m5G XII 2/20$j108249$B108249$CSeMilBibl$Z2$F117822 $81 996 $6245$aRembrandt$9(OLS)http://semarc/title/193118 996 $6260$aMilano :$bFabbri$9(OLS)http://semarc/publisher/30054